000 00452nam a2200193Ia 4500
003 GCL
008 140319s9999 xx 000 0 eng d
040 _aGCL /
_cGCL
082 0 4 _a759
_bS F
100 1 _aSLIVE, SEYMOUR
245 1 0 _aFRANS HALS /
_cSLIVE, SEYMOUR
260 _a[S.N] :
_bPRESTEL- VERLAG ،
_c1989
300 _a437 PP
650 0 4 _aARTS
650 0 4 _aPAINTING
650 0 4 _aPAINTERS
650 0 4 _aHALS, FRANS
942 _2ddc
_cBK
999 _c18851
_d18851